Currie`s Exors v SoS for Scotland (Record no. 44155)

MARC details
000 -LEADER
fixed length control field 01649cab a2200241 4500
001 - CONTROL NUMBER
control field ABS49150
008 - FIXED-LENGTH DATA ELEMENTS--GENERAL INFORMATION
fixed length control field 090401t1993 xxu||||| |||| 00| 0 eng d
035 ## - SYSTEM CONTROL NUMBER
System control number (Sirsi) u70190
041 ## - LANGUAGE CODE
Language code of text/sound track or separate title eng
245 ## - TITLE STATEMENT
Title Currie`s Exors v SoS for Scotland
260 ## - PUBLICATION, DISTRIBUTION, ETC.
Date of publication, distribution, etc. 1993
350 ## - PRICE (NR) (BK AM CF MU VM SE) [OBSOLETE]
Price 0
490 ## - SERIES STATEMENT
Series statement Estates Gazette
Volume/sequential designation (1993) 32 EG 82-84(4)
520 ## - SUMMARY, ETC.
Summary, etc. LT for Scotland 18 March 1992. The SoS for Scotland scheduled an area of land under Ancient Monuments and Archaeological Areas Act 1979 s1. The owner had intended to turn part of the farm this land was on over to afforestation. The owners applied for scheduled monument consent in respect of the ploughing of land and planting of trees. This was refused. The owners claimed compensation under s7 of the Act based upon the open market value of the land with and without consent. It was held that Parliament intended that compensation should be payable only for loss or damage incurred as a result of refusal of scheduled monument consent calculated at the date of the refusal. It was unfortunate that at this time the value of forestry land had fallen considerably due to measures in the 1988 budget. It is likely that the plan for afforestation of the land would not have proceeded if schedule monument status had been granted therefore there was no difference between the value of the land in its
650 ## - SUBJECT ADDED ENTRY--TOPICAL TERM
Topical term or geographic name entry element ANCIENT MONUMENTS AND ARCHAEOLOGICAL AREAS ACT 1979 S1
650 ## - SUBJECT ADDED ENTRY--TOPICAL TERM
Topical term or geographic name entry element BRONZE AGE SETTLEMENT
650 ## - SUBJECT ADDED ENTRY--TOPICAL TERM
Topical term or geographic name entry element BUDGET 1988
650 ## - SUBJECT ADDED ENTRY--TOPICAL TERM
Topical term or geographic name entry element MONUMENT OF NATIONAL IMPORTANCE
650 ## - SUBJECT ADDED ENTRY--TOPICAL TERM
Topical term or geographic name entry element SCHEDULED MONUMENT CONSENT
690 ## - LOCAL SUBJECT ADDED ENTRY--TOPICAL TERM (OCLC, RLIN)
Topical term or geographic name as entry element CONSERVATION-CASE LAW
942 ## - ADDED ENTRY ELEMENTS (KOHA)
Suppress in OPAC 0
948 ## - LOCAL PROCESSING INFORMATION (OCLC); SERIES PART DESIGNATOR (RLIN)
c (OCLC) 04/03/1997
Holdings
Withdrawn status Lost status Source of classification or shelving scheme Damaged status Not for loan Home library Current library Shelving location Date acquired Total Checkouts Full call number Barcode Date last seen Copy number Price effective from Koha item type
    Dewey Decimal Classification     London London Journal article 14/09/1999   ABS49150 70190-1001 06/08/2019 1 06/08/2019 Law report